000 00642nam a22001937a 4500
999 _c193076
_d193076
005 20221014152913.0
010 _aENG-135415
020 _a9789869809012
_c325.00
035 _aEN-118947
037 _bDBAD/PUB
082 _a305.6970957
100 _aRakhit, Maanoj
245 _aMuslim india will be like this:
_bauditing and reinterpreting history/
_cby Maanoj Rakhit
250 _a3rd edition
260 _aMumbai
_bManoj Rakhit
_c2014
270 _a8/604 discovery dattapada rd borivli E
_bmumbai
_e400066
_k09869809012
_mmaanojrakhit@gmail.com
300 _a329p.
_c21cm(pbk)
942 _2ddc
_cEN
_mRAK
_h305.6970954